Komparácia ekonomickej situácie v Slovenskej republike a Španielskom kráľovstve bakalárska práca

Saved in:
Bibliographic Details
Main Author: Ženčuch, Branislav
Corporate Author: Fakulta medzinárodných vzťahov EU. Katedra medzinárodných ekonomických vzťahov a hospodárskej diplomacie
Other Authors: Čiefová, Michaela, 1991-
Format: Book
Language:Slovak
Published: Bratislava 2019
Tags: Add Tag
No Tags, Be the first to tag this record!

MARC

LEADER 00000nbm a2200000 4500
001 0255150
005 20190813100959.0
041 0 |a slo 
044 |a SK 
245 1 0 |a Komparácia ekonomickej situácie v Slovenskej republike a Španielskom kráľovstve  |b bakalárska práca  |c Branislav Ženčuch ; školiteľ: Michaela Čiefová 
264 1 |a Bratislava  |c 2019 
300 |a 50 s. 
100 1 |a Ženčuch, Branislav 
700 1 |a Čiefová, Michaela, 1991- 
710 2 |a Fakulta medzinárodných vzťahov EU. Katedra medzinárodných ekonomických vzťahov a hospodárskej diplomacie